| 000 | 00430nam a2200181Ia 4500 | ||
|---|---|---|---|
| 005 | 20250425161421.0 | ||
| 008 | 250425s9999 xx 000 0 und d | ||
| 041 | _aeng | ||
| 082 | _a551.86 | ||
| 100 | _aKAY, MARSHALL | ||
| 245 | 0 | _aNORTH AMERICAN GEOSYNCLINES | |
| 250 | _aS.E. | ||
| 260 | _aBOULDER | ||
| 260 |
_aEstados Unidos _bGEOLOGICAL SOCIETY OF AMERICA _c1971 |
||
| 300 | _a143 | ||
| 942 | _c01 | ||
| 010 | _a19839 | ||
| 999 |
_c208832 _d208832 |
||